000 00461nam a2200181 a 4500
001 14993
003 CO-ViMGA
008 141112s2004 ck r 000 u spa d
040 _aCO-ViMGA
_bspa
_cCO-ViMGA
082 0 4 _aHENl
100 1 _aHenriquez, Laura Margarita
_914760
245 1 0 _aLos tres cochinitos
260 _aMexico,
_cTrillas,
_c1990
300 _a31.p.il.
490 _aCuentame un cuento
650 1 4 _aCUENTOS INFANTILES
_92743
942 _2ddc
_cBK
999 _c25431
_d25431